[Event "30/move"]
[Site "?"]
[Date "2006.03.31"]
[Round "1"]
[White "Mephisto Milano"]
[Black "Mephisto Miami"]
[Result "1-0"]
[WhiteElo "2010"]
[BlackElo "1966"]
[PlyCount "157"]
[EventDate "2006.03.31"]
[EventType "tourn (rapid)"]
[EventRounds "20"]
[EventCountry "NED"]
[SourceDate "2006.03.12"]

1. d4 Nf6 2. c4 e5 3. dxe5 Ng4 4. Bf4 Nc6 5. Nf3 Bb4+ 6. Nbd2 Qe7 {
Miami letzter Buchzug} 7. a3 {Milano letzter Buchzug} Ngxe5 8. Nxe5 ({RR} 8. e3
Nxf3+ 9. gxf3 Bxd2+ 10. Qxd2 d6 11. Rg1 Ne5 12. Bxe5 Qxe5 13. f4 Qf6 14. O-O-O
Bd7 15. Qa5 b6 16. Qd5 O-O 17. Bd3 Qh4 18. Rg5 Rfe8 19. Rh5 Qxf2 20. Rxh7 Ba4
21. Qh5 Qxe3+ 22. Kb1 Kf8 {
Dao Thien Hai-Tu Hoang Thai/Thua Thien Hue 2000/EXT 2004/1-0} {RR} 23. Qg5) ({
RR} 8. axb4 Nd3# {0-1 Metul,A-Wiedermann,L/Longerich 2003/EXT 2004}) 8... Nxe5
9. e4 $146 ({RR} 9. Qc2 Bxd2+ 10. Bxd2 d6 11. h3 ({RR} 11. e3 b6 12. Be2 Bb7
13. O-O O-O 14. Rae1 a5 15. e4 a4 16. f4 Nd7 17. Bf3 Rfe8 18. Kh1 Nc5 19. e5
Bxf3 20. Rxf3 dxe5 21. fxe5 Qe6 22. Ref1 Qg6 23. Qxg6 fxg6 24. Re3 Rad8 25. Bc3
Ne6 {Meulders,R-Castro Rojas,O/Novi Sad 1990/TD/0-1 (47)} {RR} 26. Kg1 g5 27.
h3 h6 28. g3 Rd7 29. Kg2 Kh7 30. Rf2 Red8 31. Re4 Kg6 32. h4 Rd1 33. hxg5 Kxg5
34. Rf7 R8d7 35. Rf2 h5 36. Ree2 R1d3 37. Bd2+ Kg6 38. Bc3 Rf7 39. Rd2 Rxf2+
40. Rxf2 Re3 {Meulders,R-Castro Rojas,O/Novi Sad 1990/TD/0-1 (47)}) 11... O-O
12. O-O-O Bd7 13. f4 Ng6 14. e4 Rfb8 15. g4 b5 16. e5 Bc6 17. Rh2 dxe5 18. Re1
b4 19. Bxb4 Qh4 20. Qf2 Qxf2 21. Rxf2 exf4 22. Bd3 Nh4 23. Re7 Rd8 {
Tsalugelashvili,L-Tsereteli,T/Tbilisi 2002/EXT 2004/0-1 (44)} {RR} 24. Rxc7
Rxd3 25. Rxc6 Ng6 26. Bd6 Rxh3 27. Bxf4 Rh4 28. Rc7 Rxg4 29. Bh2 h6 30. Rd2 Nf8
31. b3 h5 32. c5 Ne6 33. Rcd7 Nxc5 34. Rd8+ Rxd8 35. Rxd8+ Kh7 36. b4 Ne4 37.
Ra8 Rg2 38. Bb8 h4 {
Tsalugelashvili,L-Tsereteli,T/Tbilisi 2002/EXT 2004/0-1 (44)}) ({RR} 9. Bxe5
Bxd2+ {1/2-1/2 Fernandez Gutierrez,R-Fernandez Siles,L/Granada 1991/EXT 2000})
9... Ng6 10. axb4 Nxf4 11. Qf3 Ne6 12. Qc3 O-O 13. Ra5 b6 14. Rf5 Bb7 15. Bd3
g6 16. Rf6 a5 17. bxa5 Rxa5 18. Nb3 Ra2 19. Bb1 Ra6 20. O-O Ng5 21. f3 Rfa8 22.
e5 Ne6 23. Rd1 Ra4 24. g3 Ng7 25. Rf4 Qe6 26. Rh4 Nf5 27. Rf4 Ne7 28. Rfd4 Qxe5
29. Re1 Qf6 30. Rxd7 Qxc3 31. bxc3 Nf5 32. Bxf5 gxf5 33. Rxc7 Bxf3 34. c5 Bd5
35. Nd4 bxc5 36. Rxc5 Ra1 37. Rxa1 Rxa1+ 38. Kf2 Be4 39. Nxf5 Ra2+ 40. Ke3 Bxf5
41. Rxf5 Rxh2 42. c4 Kg7 43. Rf3 h6 44. c5 Rc2 45. Kd4 Kg6 46. Rb3 Kf5 47. Rb4
Rd2+ 48. Kc4 Ke5 49. Rb7 Rc2+ 50. Kb5 Rb2+ 51. Kc6 Rf2 52. Rb3 Rc2 53. Rd3 Rg2
54. Rc3 Ke4 55. Kd6 Rd2+ 56. Ke7 Kd4 57. Rc1 f5 58. c6 Re2+ 59. Kf8 Ra2 60. c7
Ra8+ 61. c8=Q Rxc8+ 62. Rxc8 Ke3 63. Rc3+ Kd4 64. Ra3 Ke5 65. Kg7 f4 66. g4 Ke4
67. Kxh6 f3 68. Rxf3 Kxf3 69. g5 Ke4 70. g6 Kf4 71. g7 Kf5 72. g8=Q Kf4 73. Qe6
Kg3 74. Kg5 Kf3 75. Kf5 Kf2 76. Kg4 Kg1 77. Kf3 Kh2 78. Qg6 Kh3 79. Qh7# {
37:11 - 34:23} 1-0

[Event "30/move"]
[Site "?"]
[Date "2006.03.31"]
[Round "2"]
[White "Mephisto Miami"]
[Black "Mephisto Milano"]
[Result "0-1"]
[WhiteElo "1966"]
[BlackElo "2010"]
[PlyCount "142"]
[EventDate "2006.03.31"]
[EventType "tourn (rapid)"]
[EventRounds "20"]
[EventCountry "NED"]
[SourceDate "2006.03.12"]

1. e4 e5 2. Nc3 Nf6 3. Bc4 {Miami letzter Buchzug} Bb4 {Milano letzter Buchzug}
4. Nge2 c6 ({RR} 4... O-O 5. d3 d5 6. exd5 Nxd5 7. O-O Nxc3 8. bxc3 Bd6 9. f4
Nc6 10. Ng3 Na5 11. Bb3 Nxb3 12. axb3 f5 13. fxe5 Bxe5 14. d4 Bxg3 15. hxg3 Be6
16. c4 c6 17. Bf4 Qd7 18. Qd2 b5 19. cxb5 {
Belli Pino,M-Reyes,J/Lima 1994/EXT 97/1/2-1/2 (31)} {RR} cxb5 20. Ra6 Bd5 21.
Rfa1 Rfc8 22. Be5 Be4 23. c3 Qf7 24. b4 Rc6 25. Rxc6 Bxc6 26. Rf1 Rf8 27. g4
Qe6 28. Qg5 Qg6 29. Rxf5 Rxf5 30. Qxf5 Qxf5 31. gxf5 h5 {
1/2-1/2 Belli Pino,M-Reyes,J/Lima 1994/EXT 97 (31)}) 5. d4 ({RR} 5. O-O d5 6.
exd5 cxd5 7. Bb5+ Bd7 8. d4 e4 9. f3 exf3 10. Rxf3 O-O 11. Bg5 Bxb5 12. Nxb5
Nbd7 13. Qd3 Qb6 14. a3 Ne5 15. Qf5 Nxf3+ 16. Qxf3 Ne4 17. axb4 Qxb5 18. Ra5
Qc6 19. Qf5 Qxc2 {Congiu,M-Kulovana,E/Balatonlelle 2003/CBM 95 ext/0-1} {RR}
20. Nc3 Qxb2 21. Nxe4 Qb1+ 22. Kf2 Qxe4 23. Qxd5 Qc2+ 24. Kf3 Rae8 25. Be3 Qd3
{0-1 Congiu,M-Kulovana,E/Balatonlelle 2003/CBM 95 ext}) 5... Nxe4 6. O-O $146 (
{RR} 6. dxe5 Qh4 ({RR} 6... d5 7. exd6 Qxd6 8. Qxd6 Nxd6 9. Bb3 Nd7 10. O-O Nc5
11. Bf4 Nxb3 12. axb3 Bd7 13. Na2 {1-0 Amesz,J-Erwich,F/Venlo 2000/EXT 2002})
7. O-O Nxf2 8. Bxf7+ Kf8 9. Qd4 Qxd4 10. Nxd4 {
1-0 Santasiere,A-Adams,W/Pittsburgh 1946/EXT 99}) 6... Bxc3 7. bxc3 d5 8. Bd3
Nd7 9. Bxe4 dxe4 10. Ng3 exd4 11. cxd4 Nf6 12. Re1 Qd5 13. f3 O-O 14. fxe4 Qc4
15. Bg5 Bg4 16. Qd2 Nd7 17. Nf1 Be6 18. Ne3 Qb5 19. d5 Nb6 20. Rad1 Rae8 21. c4
Qc5 22. Qd4 Qxd4 23. Rxd4 c5 24. Rd3 Bd7 25. Bf4 Rxe4 26. Bd6 Rfe8 27. Kf2 Nxc4
28. Bxc5 b6 29. Ba3 Ne5 30. Rc3 Ng4+ 31. Kf3 Nxh2+ 32. Ke2 Rd4 33. d6 Ng4 34.
Kf3 Rd2 35. Rc7 Rxa2 36. Bb4 Ne5+ 37. Kg3 a5 38. Nc4 Nxc4 39. Rxd7 Ne3 40. Kf3
axb4 41. Re7 Kf8 42. R1xe3 Rxe7 43. Rxe7 Rd2 44. Rd7 f5 45. Kf4 Rxg2 46. Kxf5
Rg6 47. Ke5 Ke8 48. Rb7 b5 49. Kd5 Rg1 50. Rb8+ Kd7 51. Rb7+ Kc8 52. Rc7+ Kd8
53. Rb7 b3 54. Rb8+ Kd7 55. Rb7+ Kc8 56. Rc7+ Kb8 57. Rc5 Rg5+ 58. Kd4 Rxc5 59.
Kxc5 Kc8 60. Kxb5 b2 61. Kc4 Kd7 62. Kd5 h5 63. Ke5 g6 64. Kd5 h4 65. Ke5 h3
66. Kf4 b1=Q 67. Kg3 Qf1 68. Kh4 h2 69. Kg3 h1=Q 70. Kg4 Qh5+ 71. Kg3 Qhh3# {
34:45 - 33:33} 0-1

[Event "30/move"]
[Site "?"]
[Date "2006.03.31"]
[Round "3"]
[White "Mephisto Milano"]
[Black "Mephisto Miami"]
[Result "0-1"]
[WhiteElo "2010"]
[BlackElo "1966"]
[PlyCount "124"]
[EventDate "2006.03.31"]
[EventType "tourn (rapid)"]
[EventRounds "20"]
[EventCountry "NED"]
[SourceDate "2006.03.12"]

1. d4 d5 2. c4 e6 3. Nc3 Nf6 4. Bg5 Be7 5. e3 O-O 6. Nf3 h6 7. Bh4 b6 {
Miami letzter Buchzug} 8. Rc1 Bb7 9. Bd3 {Milano letzter Buchzug} c5 10. cxd5
Nxd5 11. Bxe7 Qxe7 12. Nxd5 exd5 13. Qc2 $146 ({RR} 13. O-O Nd7 ({RR} 13... c4
14. Bb1 Nd7 15. Kh1 b5 16. Qc2 g6 17. Ng1 Nf6 18. Rce1 Rae8 19. f3 Nh5 20. Qf2
Qf6 21. Ne2 b4 22. g4 Ng7 23. Ng3 Ba6 24. Rg1 Bc8 25. Kg2 Qh4 26. Qd2 a5 27.
Kh1 Qf6 28. Kg2 {Steiner,H-Vidmar,M/Groningen 1946/MCL/1/2-1/2}) 14. Bb1 ({RR} 
14. Qe2 Rac8 15. Ba6 Bxa6 16. Qxa6 Qe6 17. Rfd1 Rc7 18. h3 Rfc8 19. dxc5 bxc5
20. Qd3 Nf6 21. Rc2 g6 22. Rdc1 Qb6 23. Nd2 Kg7 24. Nb1 d4 25. Na3 Nd5 26. exd4
cxd4 27. Rxc7 Rxc7 28. Rxc7 Nxc7 {
Elschner,A-Rubina,T/Naumburg 2003/EXT 2004/1/2-1/2 (74)} {RR} 29. Nc4 Qf6 30.
Nd2 Ne6 31. Nf3 Nf4 32. Qd2 d3 33. g3 Nxh3+ 34. Kg2 Ng5 35. Nxg5 hxg5 36. Qxd3
Qxb2 37. Qd5 Qf6 38. a4 a6 39. Qc4 Qd6 40. Qe4 f5 41. Qb7+ Kf6 42. Qb2+ Ke6 43.
Qe2+ Kd7 {Elschner,A-Rubina,T/Naumburg 2003/EXT 2004/1/2-1/2 (74)}) 14... Rfc8
15. Qd3 g6 16. Qa3 Qf6 17. dxc5 bxc5 18. Rfd1 Rc6 19. e4 Rd6 20. exd5 Rxd5 21.
Rxd5 Bxd5 22. Qc3 Qxc3 23. Rxc3 c4 24. Nd2 Nb6 25. b3 Rd8 26. Nf1 Be6 27. Bc2
cxb3 {Budo,A-Levenfish,G/Tbilisi 1937/EXT 2000/1/2-1/2 (52)} {RR} 28. Bxb3 Bxb3
29. axb3 Rd1 30. g3 Nd5 31. Rc5 Nb4 32. Rb5 Nd3 33. Ra5 Rb1 34. Rxa7 Rb2 35. f4
Ne1 36. Ra4 Nf3+ 37. Kh1 g5 38. fxg5 hxg5 39. g4 Kg7 40. h3 Kf6 41. Ra5 Ke6 42.
b4 Rxb4 {Budo,A-Levenfish,G/Tbilisi 1937/EXT 2000/1/2-1/2 (52)}) ({RR} 13. dxc5
bxc5 14. O-O Rc8 15. Re1 Nd7 16. Qa4 Nf8 17. Ba6 Ne6 18. b3 Rab8 19. Bxb7 Qxb7
20. Rc2 Rc7 21. Ne5 Qb4 22. Qxb4 Rxb4 23. Rec1 Rb8 24. Kf1 Rbc8 25. Rd1 Rd8 26.
Rcd2 f6 27. Nc4 Rcd7 {Szabo,L-Zita,F/Szczawno Zdroj 1950/MCD/1/2-1/2 (77)} {RR}
28. Na5 Kf7 29. b4 Rc7 30. bxc5 Nxc5 31. Rxd5 Rxd5 32. Rxd5 Ne4 33. Nb3 Rc2 34.
f3 Nc3 35. Rd7+ Ke8 36. Rxa7 Nd5 37. Rxg7 Nxe3+ 38. Kg1 Kf8 39. Rg3 Rxa2 40. f4
Nf5 41. Rd3 Rb2 42. Nd4 Nxd4 {
Szabo,L-Zita,F/Szczawno Zdroj 1950/MCD/1/2-1/2 (77)}) 13... Nc6 14. a3 Nxd4 15.
Nxd4 cxd4 16. Bh7+ Kh8 17. O-O Rfc8 18. Qd3 Rxc1 19. Rxc1 dxe3 20. Bf5 exf2+
21. Kxf2 Qe5 22. Kg1 Qxb2 23. Rb1 Qe5 24. Rf1 Re8 25. Bd7 Re7 26. Bb5 Qg5 27.
g3 Kg8 28. Ba6 Bxa6 29. Qxa6 d4 30. Qc8+ Kh7 31. Qc2+ Qg6 32. Qd1 d3 33. Rf3
Rd7 34. Rf2 Qd6 35. a4 a6 36. Rd2 b5 37. axb5 axb5 38. Qf3 b4 39. Qf5+ Kg8 40.
Qf2 b3 41. Qe3 b2 42. Qe8+ Kh7 43. Qe4+ g6 44. Rxb2 d2 45. Rxd2 Qxd2 46. Qf3
Re7 47. Qf2 {Aufgabe Milano} Re1+ 48. Kg2 Re2 49. Qxe2 Qxe2+ 50. Kg1 Qf3 51. g4
Qxg4+ 52. Kf2 Qh3 53. Kg1 f5 54. Kf2 Qxh2+ 55. Kf3 g5 56. Ke3 g4 57. Kd3 g3 58.
Ke3 g2 59. Kd3 {# in -4} g1=Q {# in 4} 60. Kc4 {# in -4} Qc7+ {# in 3} 61. Kd5
{# in -2} Qgc5+ {# in 2} 62. Ke6 {# in -1} Q7e7# {29:57 - 26:26} 0-1

[Event "30/move"]
[Site "?"]
[Date "2006.03.31"]
[Round "4"]
[White "Mephisto Miami"]
[Black "Mephisto Milano"]
[Result "1/2-1/2"]
[WhiteElo "1966"]
[BlackElo "2010"]
[PlyCount "97"]
[EventDate "2006.03.31"]
[EventType "tourn (rapid)"]
[EventRounds "20"]
[EventCountry "NED"]
[SourceDate "2006.03.12"]

1. d4 Nf6 2. c4 e6 3. Nc3 Bb4 4. e3 O-O 5. Nf3 {Miami letzter Buchzug} d5 6.
Bd3 c5 {Milano letzter Buchzug} 7. cxd5 cxd4 ({RR} 7... exd5 8. a3 ({RR} 8. O-O
c4 9. Bb1 Bg4 10. Qc2 Bxc3 11. bxc3 Bxf3 12. gxf3 Qd7 13. Qf5 Qxf5 14. Bxf5 g6
15. Bc2 Nc6 16. Rb1 Rab8 17. Ba3 Rfe8 18. Ba4 Re6 19. Rfd1 a6 20. Bc2 b5 21.
Bc1 b4 22. Bd2 a5 {Khazhomia,A-Topuridze,A/Tbilisi 2002/EXT 2004/1/2-1/2} {RR}
23. Ba4 Kg7 24. Rdc1 bxc3 25. Bxc3 Nb4 26. a3 Nd3 27. Rxb8 Nxc1 28. Bd2 Nd3 29.
Rb5 Nd7 {1/2-1/2 Khazhomia,A-Topuridze,A/Tbilisi 2002/EXT 2004}) 8... Bxc3+ 9.
bxc3 Bg4 10. O-O Nbd7 11. a4 c4 12. Be2 Ne4 13. Qe1 f5 14. h3 Bh5 15. Kh1 Rf6
16. Ng1 Bxe2 17. Nxe2 Qe8 18. f3 Nd6 19. Qg3 Rd8 20. Rb1 Nf8 21. Nf4 Qc6 22. a5
{Granda Zuniga,J-Stefansson,H/Bled 2002/EXT 2003/1-0 (84)} {RR} Ng6 23. Ba3 Nb5
24. Bb4 Re8 25. Rfe1 Nc7 26. Nh5 Rf7 27. Bc5 Nb5 28. Bb4 Nc7 29. Qd6 Qa4 30.
Rb2 Rd7 31. Qc5 Ra8 32. Ba3 b6 33. Qb4 Qc6 34. Rbe2 Nb5 35. Bc1 bxa5 36. Qxa5
Rf7 37. Ra2 {Granda Zuniga,J-Stefansson,H/Bled 2002/EXT 2003/1-0 (84)}) 8. exd4
Nxd5 9. Qc2 $146 ({RR} 9. O-O Nc6 10. Qc2 h6 11. a3 Bxc3 12. bxc3 b6 13. c4 Nf6
14. Bb2 Bb7 15. Rad1 Rc8 16. Qe2 Re8 17. Rfe1 Qc7 18. h3 Ba6 19. Ne5 Nxe5 20.
dxe5 Nd7 21. Qg4 Nf8 22. Bc1 Kh8 23. Re3 Bxc4 {
Wohlfahrt,H-Lorincz,I/Budapest 1996/CBM 52 ext/0-1 (35)} {RR} 24. Rg3 g6 25.
Qf4 Nh7 26. Bxc4 g5 27. Qf3 Qxc4 28. Qxf7 Rf8 29. Qxa7 Qe2 30. Rf1 Rxf2 31.
Rxf2 Rxc1+ 32. Kh2 Qxf2 33. Qb8+ Kg7 34. Rf3 Qg1+ 35. Kg3 Qc5 {
0-1 Wohlfahrt,H-Lorincz,I/Budapest 1996/CBM 52 ext (35)}) 9... Nf6 10. O-O Nc6
11. Rd1 Ba5 12. Bg5 h6 13. Bxf6 Qxf6 14. Ne4 Qf4 15. Bc4 Rd8 16. a3 Bb6 17. d5
exd5 18. Bxd5 Nd4 19. Nxd4 Rxd5 20. Ne2 Rxd1+ 21. Rxd1 Qe5 22. N2g3 Bg4 23. Rd3
Rc8 24. Qd2 Ba5 25. Nc3 Be6 26. h3 b5 27. b4 Bb6 28. Nce4 Qa1+ 29. Kh2 Rc1 30.
Qf4 Qb2 31. Nf5 Bc7 32. Nfd6 Qb1 33. Rd4 Rh1+ 34. Kg3 Qb2 35. Rd3 f5 36. Nc5
Bc4 37. Qd2 Qa1 38. Rd4 Qxa3+ 39. Kf4 Rg1 40. g3 Rf1 41. Nd7 Ra1 42. Rxc4 {
Miami findet in höchster Not ein nettes Qualitätsopfer und bereitet damit das
nachfolgende Dauerschach vor.} bxc4 43. Qd5+ Kh8 {
Erst bei diesem Zug ging dem Milano ein Licht auf} 44. Qa8+ Kh7 45. Nf8+ Kh8
46. Ne6+ Kh7 47. Nf8+ Kh8 48. Ng6+ Kh7 49. Nf8+ {21:50 - 23:27} 1/2-1/2

[Event "30/move"]
[Site "?"]
[Date "2006.03.31"]
[Round "5"]
[White "Mephisto Milano"]
[Black "Mephisto Miami"]
[Result "1/2-1/2"]
[WhiteElo "2010"]
[BlackElo "1966"]
[PlyCount "73"]
[EventDate "2006.03.31"]
[EventType "tourn (rapid)"]
[EventRounds "20"]
[EventCountry "NED"]
[SourceDate "2006.03.12"]

1. e4 c5 2. c3 d5 3. exd5 Qxd5 4. d4 Nc6 {Miami letzter Buchzug} 5. dxc5 Qxd1+
6. Kxd1 Bg4+ ({RR} 6... Bf5 7. Be3 Nf6 8. Nf3 O-O-O+ 9. Nbd2 e6 10. Bb5 Nd5 11.
Bxc6 bxc6 12. Ne5 Nxe3+ 13. fxe3 Bxc5 14. Re1 Bg6 15. b4 Bb6 16. Nxc6 Rd3 17.
Ne7+ Kb7 18. Nxg6 Rhd8 19. Re2 Bxe3 20. Ne5 Rxd2+ 21. Ke1 {
Sveshnikov,E-Martynov,P/Val Maubuee 1990/EXT 97/1/2-1/2 (68)} {RR} Bf4 22. Nxf7
R8d7 23. g3 R2d3 24. gxf4 Rxf7 25. Rc1 Rxf4 26. Rxe6 Rc4 27. Re7+ Kb6 28. Rxg7
Rcxc3 29. Rxc3 Rxc3 30. Rxh7 Ra3 31. Rd7 Rxa2 32. Rd2 Ra4 33. Rb2 Ra3 34. Kf2
Rh3 35. Kg2 Rh8 36. b5 {
Sveshnikov,E-Martynov,P/Val Maubuee 1990/EXT 97/1/2-1/2 (68)}) ({RR} 6... Nf6
7. Be3 Nd5 8. Bb5 Bg4+ 9. Nf3 Nxe3+ 10. fxe3 e5 11. h3 Bxf3+ 12. gxf3 Bxc5 13.
Ke2 a6 14. Bxc6+ bxc6 15. Nd2 O-O-O 16. Nc4 Rhe8 17. e4 f5 18. Rad1 Rxd1 19.
Rxd1 fxe4 20. fxe4 Re6 21. Rf1 {
Pinkus,L-Bellan,I/Budapest 2003/CBM 94 ext/1-0 (56)} {RR} Rg6 22. Rf5 Rg3 23.
Rxe5 Bg1 24. h4 g6 25. Re8+ Kd7 26. Rh8 h5 27. Ra8 g5 28. hxg5 Rxg5 29. Rh8 Bh2
30. Ne3 Rb5 31. b3 Rg5 32. Kf3 Be5 33. Rh7+ Ke6 34. Rh6+ Kd7 35. c4 a5 36. Nf5
{Pinkus,L-Bellan,I/Budapest 2003/CBM 94 ext/1-0 (56)}) 7. f3 Rd8+ 8. Ke1 {
Milano letzter Buchzug} Bf5 9. Be3 $146 ({RR} 9. Bb5 e5 10. b4 Nf6 11. Na3 a6
12. Bxc6+ bxc6 13. Nc4 Nd7 14. Be3 Bd3 15. Na5 Nb8 16. Nh3 h6 17. Nf2 Bc2 18.
Rc1 Ba4 19. Ke2 Be7 20. Nd3 Rxd3 21. Kxd3 f5 22. f4 Nd7 23. Rce1 Kf7 {
Amann,K-Welte,R/Waldshut 2002/EXT 2003/1-0 (39)} {RR} 24. Kd2 g5 25. fxe5 Ke6
26. c4 f4 27. Bd4 g4 28. h3 Bh4 29. Ref1 Bg5 30. Kc3 f3 31. gxf3 g3 32. Rhg1
Bf4 33. Rg2 Rg8 34. Kb2 Rg5 35. Ka3 Bc2 36. Rxc2 g2 37. Rg1 Rg3 38. Rgxg2 Rxf3+
{Amann,K-Welte,R/Waldshut 2002/EXT 2003/1-0 (39)}) 9... e6 10. Bb5 Be7 11. b3
Nf6 12. Ne2 Nd5 13. Bf2 O-O 14. Nd2 Bf6 15. Rc1 a6 16. Bxc6 bxc6 17. Ne4 Be5
18. Bg3 Bxg3+ 19. N4xg3 Bg6 20. Kf2 Rd7 21. Rhd1 Rfd8 22. h4 h6 23. h5 Bh7 24.
a4 g6 25. c4 Nb4 26. Rxd7 Rxd7 27. hxg6 Bxg6 28. Nf4 Bc2 29. Ngh5 Rd8 30. Re1
Bxb3 31. Rb1 Nd3+ 32. Nxd3 Rxd3 33. Nf4 Rc3 34. Ne2 Rd3 35. Nf4 Rc3 36. Ne2 Rd3
37. Nf4 {Remis wg. 3-facher Zugwiederholung 15:36 - 16:10} 1/2-1/2

[Event "30/move"]
[Site "?"]
[Date "2006.03.31"]
[Round "6"]
[White "Mephisto Miami"]
[Black "Mephisto Milano"]
[Result "1/2-1/2"]
[WhiteElo "1966"]
[BlackElo "2010"]
[PlyCount "115"]
[EventDate "2006.03.31"]
[EventType "tourn (rapid)"]
[EventRounds "20"]
[EventCountry "NED"]
[SourceDate "2006.03.12"]

1. e4 c6 2. d4 d5 3. Nc3 dxe4 4. Nxe4 Bf5 5. Ng3 Bg6 6. Bc4 e6 7. N1e2 Nf6 8.
Nf4 {Miami letzter Buchzug} Bd6 {Milano letzter Buchzug} 9. Nxg6 ({RR} 9. Qf3
Nbd7 10. c3 Nb6 11. Nxg6 hxg6 12. Bb3 Qc7 13. Bg5 Be7 14. h4 Nbd5 15. Rd1 e5 {
1/2-1/2 Rublevsky,S-Dreev,A/Neum 2000/EXT 2001}) ({RR} 9. h4 Qc7 10. Nxg6 hxg6
11. Qf3 Nbd7 12. Bg5 c5 13. dxc5 Bxc5 14. O-O-O O-O-O 15. Bb3 Ne5 16. Qe2 Neg4
17. Ne4 Rxd1+ 18. Rxd1 Nxe4 19. Bxe6+ fxe6 20. Qxe4 Nxf2 21. Qxe6+ Kb8 22. Rd7
Qb6 23. Qxb6 Bxb6 {Barletta,D-Bollengier,T/France 2002/EXT 2004/0-1 (60)} {RR}
24. Rxg7 Ne4 25. Rxg6 Nxg5 26. hxg5 Rh2 27. Kd2 Rxg2+ 28. Kc3 Bd8 29. Rg8 Kc7
30. g6 Bf6+ 31. Kb3 Kc6 32. c3 Kb5 33. Rb8 b6 34. Ra8 Ka6 35. Rg8 Bg5 36. g7
Bh6 37. Re8 Rxg7 38. Re2 Rg1 {
Barletta,D-Bollengier,T/France 2002/EXT 2004/0-1 (60)}) 9... hxg6 10. c3 Nd5
$146 ({RR} 10... Qc7 11. Qf3 Nbd7 12. Bg5 Qa5 13. Bf4 Bxf4 14. Qxf4 O-O 15. O-O
Rfd8 16. Rfe1 c5 17. dxc5 Qxc5 18. Bf1 Nb6 19. Rad1 Rd5 20. Rxd5 Qxd5 21. c4
Qa5 22. Ra1 Na4 23. Ne4 Nxb2 24. Nxf6+ gxf6 25. Qxf6 {
Vaculik,M-Hajek,L/Svetla nad Sazavou 1999/EXT 2000/1-0} {RR} Na4 26. Rd1 Nb6
27. Rd3 Qf5 28. Qe7 Kg7 29. Rf3 {
1-0 Vaculik,M-Hajek,L/Svetla nad Sazavou 1999/EXT 2000}) 11. Qf3 Nd7 12. O-O b5
13. Bb3 a5 14. Re1 Qh4 15. h3 N7f6 16. Ne4 Nxe4 17. Rxe4 Qf6 18. Qg4 Rh5 19. a4
Rf5 20. Qe2 b4 21. g4 Bh2+ 22. Kf1 Rf3 23. Bg5 Rg3 24. Qc4 Rg1+ 25. Ke2 Qxg5
26. Qxc6+ Ke7 27. Rxg1 Bxg1 28. Bxd5 Rd8 29. Rxe6+ Kf8 30. Qc5+ Kg8 31. Re5 Qf4
32. Qxa5 Qxf2+ 33. Kd1 Rb8 34. Qc7 Rf8 35. Qc4 Qxb2 36. Qxb4 Qa1+ 37. Ke2 Qc1
38. Qb3 Qf4 39. Re7 Qf6 40. Qb7 Qf2+ 41. Kd3 Bh2 42. a5 Bd6 43. Rd7 Qf1+ 44.
Kc2 Qe2+ 45. Kc1 Rb8 46. Qxb8+ Bxb8 47. Rd8+ Kh7 48. Rxb8 Qa6 49. Ra8 Qd6 50.
c4 Qf4+ 51. Kc2 Qxd4 52. a6 Qf2+ 53. Kd1 Qe3 54. a7 Qd3+ 55. Ke1 Qe3+ 56. Kd1
Qd3+ 57. Ke1 Qe3+ 58. Kd1 {Remis wg. 3-facher Zugwiederholung 25:55 - 26:56}
1/2-1/2

[Event "30/move"]
[Site "?"]
[Date "2006.03.31"]
[Round "7"]
[White "Mephisto Milano"]
[Black "Mephisto Miami"]
[Result "1/2-1/2"]
[WhiteElo "2010"]
[BlackElo "1966"]
[PlyCount "261"]
[EventDate "2006.03.31"]
[EventType "tourn (rapid)"]
[EventRounds "20"]
[EventCountry "NED"]
[SourceDate "2006.03.12"]

1. d4 d5 2. c4 c6 3. Nf3 Nf6 4. Nc3 dxc4 5. a4 Bf5 6. e3 e6 7. Bxc4 Bb4 8. O-O
O-O {Miami letzter Buchzug} 9. Nh4 Bg4 10. f3 {Milano letzter Buchzug} Nd5 11.
fxg4 ({RR} 11. g3 Bh3 12. Ng2 Nxc3 13. bxc3 Bxc3 14. Rb1 b6 15. Ba3 Re8 16. Qc2
Bxg2 17. Kxg2 Ba5 18. Bd3 g6 19. h4 Nd7 20. h5 f5 21. hxg6 hxg6 22. Qxc6 Ne5
23. Qb5 Nxd3 24. Qxd3 Rc8 25. Bb2 Qd7 {
Cederqvist,N-Hakansson,S/Sweden 2003/EXT 2004/1/2-1/2 (35)} {RR} 26. Rbc1 Qxa4
27. d5 Qa2 28. Rxc8 Rxc8 29. Rf2 Qxd5 30. Qa3 Kf7 31. Qa1 Rc7 32. Bh8 Kg8 33.
Be5 Rd7 34. Bf4 Kf7 35. Qh8 {
1/2-1/2 Cederqvist,N-Hakansson,S/Sweden 2003/EXT 2004 (35)}) 11... Qxh4 12. g3
({RR} 12. Qf3 Nd7 13. Bd2 a5 14. Rad1 Rad8 15. Bb3 N5f6 16. h3 c5 17. Be1 Qg5
18. Bg3 cxd4 19. exd4 e5 20. Nb5 exd4 21. Nxd4 Qc5 22. Bf2 Qe5 23. Bg3 Qc5 24.
Qf5 Qb6 25. Kh1 Nc5 26. Bc2 Rde8 {Karpov,A-Kupreichik,V/Riga 1975/MCD/1-0 (42)}
{RR} 27. Rf4 Ncd7 28. Rf3 g6 29. Qf4 Bc5 30. Rb3 Bb4 31. Rf3 Bc5 32. Nb5 Re2
33. Bd3 Rxb2 34. Qg5 Kg7 35. Rdf1 Qc6 36. Qc1 Ra2 37. Qc4 Rd2 38. Bf4 Rb2 39.
Qc3 Rb4 40. g5 Bd4 41. Qxc6 bxc6 {Karpov,A-Kupreichik,V/Riga 1975/MCD/1-0 (42)}
) 12... Qe7 13. Bd2 $146 ({RR} 13. Qd3 Nd7 14. Bb3 Bd6 15. Bc2 g6 16. Bb3 Rad8
17. Kg2 Nb4 18. Qe2 e5 19. Ne4 Bb8 20. Qf3 Nd5 21. Nc3 Nc7 22. Ba2 Ne6 23. d5
Ng5 24. Qe2 e4 25. Bd2 Nf6 26. dxc6 Nf3 27. Rad1 Nxg4 {
Yarmonov,I-Poulsen,M/Bled 2002/EXT 2003/0-1 (35)} {RR} 28. Nd5 Qg5 29. c7 Bxc7
30. Nxc7 Rxd2 31. Rxd2 Nxe3+ 32. Kh1 Nxf1 33. Bxf7+ Rxf7 34. Ne6 Nxg3+ 35. hxg3
Qxd2 {0-1 Yarmonov,I-Poulsen,M/Bled 2002/EXT 2003 (35)}) 13... Nd7 14. e4 N5f6
15. e5 Nd5 16. Bd3 Rad8 17. Qc2 h6 18. Kh1 Nc7 19. Ne4 Bxd2 20. Qxd2 Nd5 21.
Nd6 N7b6 22. a5 Nc8 23. Nxc8 Rxc8 24. a6 b6 25. Bc2 c5 26. Qd3 g6 27. Bb3 Nb4
28. Qd2 Nd5 {Ein Bedienerfehler führt zum Remis: Zunächst wurde ab hier die
Notation versehentlich nicht fortgeführt, dann folgte zudem eine fehlerhafte
Zugeingabe bei Zug 38. Hier stand Miami eindeutig auf Gewinn (ca. +2.00 nach
Urteil beider Computer und nach Ermessen des Bedieners). Da die Stellung
dummerweise nicht rekonstruiert werden konnte, mussten beide Computer mit der
Stellung nach Zug 28 neu gestartet werden. Miami verpasst hierbei den Vorteil,
bzw. Milano verteidigt sich nun besser. In der Folge muss Miami sogar um das
Remis kämpfen - schade!} 29. Qxh6 cxd4 30. Bxd5 exd5 31. Rae1 Qe6 32. Rf4 d3
33. Rf3 Rc2 34. Rxd3 Qxg4 35. b3 Re2 36. Re3 Rxe1+ 37. Rxe1 Qf3+ 38. Kg1 Qc3
39. Qe3 d4 40. Qxc3 dxc3 41. Rc1 Rc8 42. Kf2 b5 43. b4 f5 44. exf6 Kf7 45. Ke3
Kxf6 46. Kd3 Rc6 47. Rxc3 Rxa6 48. Kd4 Ra2 49. Rc6+ Kf5 50. h3 a6 51. g4+ Kg5
52. Re6 Ra3 53. Kc5 Rxh3 54. Rxa6 Rh4 55. Kxb5 Rxg4 56. Kc5 Rg2 57. b5 Kf5 58.
Rd6 Rc2+ 59. Kb6 g5 60. Rd1 g4 61. Kb7 g3 62. Ra1 g2 63. b6 Ke6 64. Rg1 Kd6 65.
Kb8 Kc5 66. Ka7 Ra2+ 67. Kb7 Kb5 68. Rb1+ Ka5 69. Ka7 Rb2 70. Ra1+ Kb5 71. Rd1
Ra2+ 72. Kb7 Rf2 73. Rd5+ Ka4 74. Rg5 Kb4 75. Kc6 Rc2+ 76. Kd6 Rd2+ 77. Kc7
Rc2+ 78. Kb8 Kc3 79. Rg4 Kd3 80. Rg3+ Kc4 81. b7 Kb5 82. Rg6 Kc5 83. Kc7 Kd5+
84. Kd7 Rb2 85. Kc8 Rc2+ 86. Kd8 Rb2 87. Rg5+ Ke6 88. Kc7 Rc2+ 89. Kb6 Rb2+ 90.
Ka7 Ra2+ 91. Kb8 Rc2 92. Rg8 Kf7 93. Rg4 Ke6 94. Ka7 Ra2+ 95. Kb6 Rb2+ 96. Kc7
Rc2+ 97. Kb8 Kd5 98. Rg8 Kc6 99. Rg7 Kb5 100. Rg5+ Kb6 101. Rg4 Kc6 102. Rg8
Kd6 103. Rd8+ Ke7 104. Rd1 Rd2 105. Rb1 Rf2 106. Rg1 Kd6 107. Rc1 Rc2 108. Ra1
Ra2 109. Rb1 Ke7 110. Rg1 Kd7 111. Rd1+ Ke6 112. Kc8 Rc2+ 113. Kb8 Rd2 114. Ra1
Ra2 115. Rc1 Kd7 116. Rg1 Rb2 117. Rd1+ Kc6 118. Rc1+ Kd7 119. Rc7+ Ke6 120.
Rg7 Kf6 121. Rg3 Ke5 122. Rg8 Rc2 123. Ka7 Ra2+ 124. Kb6 Rb2+ 125. Kc7 Rc2+
126. Kd8 Rb2 127. Kc8 Rc2+ 128. Kd7 Rd2+ 129. Ke7 Rb2 130. Rg5+ Ke4 131. Ke6 {
Remis wg. 50-Züge-Regel 50:27 - 49:30} 1/2-1/2